000 00609nam a2200193 a 4500
001 000009710
005 20240412074212.0
008 091001s1988 dr a r 001 p spa d
040 _aDO-SdBNP
_bspa
_cBNPHU
082 _aRD861.44
_bC146d
100 1 _aCaldentey, Gabriel
_924607
245 1 0 _aDesde la otra orilla... Rastros /
_cGabriel Caldentey.
260 _aSanto Domingo :
_bAmigo del Hogar,
_c1988.
300 _a102 p. :
_bil. ;
_c22 cm.
590 _aInventariado, 2018/BT
650 0 _aPoesía dominicana
_966
650 0 _aLiteratura dominicana.
_967
910 _aValidado. Control de calidad. MMOLINA
999 _c9470
_d9470